00744nam a22001937a 450000500170000001000150001702000270003203500140005903700090007308200100008210000340009224501150012626000390024127000500028030000210033094200240035199900190037595201560039420250220161314.0 aENG-143588 a9788195972234c1200.00 aEN-127120 bDBAD14a634.9 aBhattacharjee, Srijani978311 aForests, Communities and Change:bA Study on Specific North-East Indian Communities/cby Srijani Bhattacharjee aKolkatabThe Asiatic Societyc2023 a1, Park StreetbKolkatacWest Bengale700 016 a306p.c24cm (Hb) cEN2ddcmBHAh634.9 c208804d208804 001040708NFICaVPbVPd2025-01-27eDelivery of Books Act Divisiong1400.00l0oBHA 634.9pEN-127120r2025-01-27 00:00:00t1v1400.00w2025-01-27yEN